Yeah Boy and Doll Face - Pierce the Veil lyrics - Statistics

General Stats
  • This quiz has been taken 160 times
  • The average score is 247 of 298
Answer Stats
% Correct
be
100%
“I
100%
I
100%
know
100%
me
100%
me?
100%
when
100%
When
100%
you
100%
you?
100%
You
100%
your
100%
your)
100%
a
99%
A
99%
said
99%
we
99%
where
99%
leave
98%
let
98%
to
98%
To
98%
Were
98%
were
98%
bed”?
96%
do
96%
Do
96%
never
96%
the
96%
The
96%
up
96%
and
95%
And
95%
could
95%
honest
95%
love
95%
(Love
95%
You’re
95%
you’re
95%
alive
94%
in
94%
that
94%
Wake
94%
fall
93%
go
93%
with
93%
With
93%
it’s
91%
knife
90%
again
89%
All
89%
boy
89%
night
89%
will
89%
Another
88%
machines
88%
moment
88%
sharper
88%
this
88%
How
86%
how
86%
I’ve
86%
real?
86%
that’s
86%
answering
85%
been
85%
before
85%
Can
85%
hear
85%
my
85%
My
85%
without
85%
conversation
84%
I’m
84%
just
84%
deep
83%
complicate
81%
don’t
81%
even
81%
feel
81%
kill
81%
No,
81%
want
81%
home
80%
home?
80%
lie
80%
lie,
80%
on
79%
Take
79%
average
78%
breathing?
78%
guess
78%
Is
78%
okay?
78%
Wrap
78%
back
77%
So
77%
her
75%
doctors
74%
loves
74%
cold
73%
dancing
73%
ever
73%
voice
73%
voice,
73%
wanna
72%
alone
70%
alone?
70%
ambulances
70%
comfortable
70%
Cut
70%
cut
70%
sing
70%
While
69%
keep
68%
myself
68%
Now
68%
spreading?
68%
circulation
67%
dear
67%
every
67%
grip
67%
like
67%
minute
67%
talking
67%
Are
65%
are
65%
‘cause
65%
diamond
65%
enjoying
65%
here
65%
told
65%
leaving
64%
Lisa
64%
Mona
64%
ring
64%
scent
64%
she
64%
slowly
64%
wish
62%
gold
60%
life
59%
little
59%
make
58%
stranger
58%
hand
57%
right
57%
But
56%
Customized
56%
or
56%
tonight
56%
Alright,
54%
alright,
54%
glass,
54%
if
54%
situational
54%
awkward
53%
couldn’t
53%
crying
52%
hell
52%
only
52%
she’s
52%
tell
52%
mine
49%
one
49%
need
48%
drive
47%
why
46%
Then
44%
getaway
43%
lips
42%
losing
42%
try
42%
beginning
36%
lust
36%
aren’t
32%
lightning
30%
No matching quizzes found
Score Distribution
Percent of People with Each Score
Percentile by Number Answered
Your Score History
You have not taken this quiz